Podnikové hospodárstvo zbierka príkladov a prípadové štúdie
Salvato in:
| Autore principale: | |
|---|---|
| Ente Autore: | |
| Altri autori: | , , , , , , , , , , |
| Natura: | Libro |
| Lingua: | slovacco |
| Pubblicazione: |
Bratislava
Iura Edition
2010
|
| Edizione: | 2. preprac. a dopl. vyd. |
| Serie: | Ekonómia
|
| Soggetti: | |
| Tags: |
Nessun Tag, puoi essere il primo ad aggiungerne!!
|
MARC
| LEADER | 00000nam$a2200000$$$4500 | ||
|---|---|---|---|
| 001 | 0119816 | ||
| 005 | 20240502072333.9 | ||
| 020 | |a 978-80-8078-365-5 | ||
| 041 | 0 | |a slo | |
| 044 | |a SK | ||
| 245 | 1 | 0 | |a Podnikové hospodárstvo |b zbierka príkladov a prípadové štúdie |c Helena Majdúchová a kolektív |
| 250 | |a 2. preprac. a dopl. vyd. | ||
| 264 | 1 | |a Bratislava |b Iura Edition |c 2010 | |
| 300 | |a 225 s. [8,75 AH] | ||
| 490 | 1 | |a Ekonómia | |
| 830 | 0 | |a Ekonómia | |
| 610 | 2 | 0 | |a hospodárstvo podnikové |
| 610 | 2 | 0 | |a podnik |
| 610 | 2 | 0 | |a druhy podnikov |
| 610 | 2 | 0 | |a združenia podnikov |
| 610 | 2 | 0 | |a náklady |
| 610 | 2 | 0 | |a práca |
| 610 | 2 | 0 | |a odpisy |
| 610 | 2 | 0 | |a ohodnocovanie podniku |
| 610 | 2 | 0 | |a majetok obežný |
| 610 | 2 | 0 | |a nákup |
| 610 | 2 | 0 | |a materiál |
| 610 | 2 | 0 | |a predaj |
| 610 | 2 | 0 | |a výsledok hospodársky |
| 610 | 2 | 0 | |a kapacita výrobná |
| 100 | 1 | |a Majdúchová, Helena, 1963- | |
| 700 | 1 | |a Neumannová, Anna | |
| 700 | 1 | |a Grančičová, Katarína, 1967- | |
| 700 | 1 | |a Rybárová, Daniela, 1967- | |
| 700 | 1 | |a Serina, Pavol | |
| 700 | 1 | |a Dubcová, Gabriela, 1968- | |
| 700 | 1 | |a Jakubec, Miroslav | |
| 700 | 1 | |a Kardoš, Peter | |
| 700 | 1 | |a Matušovič, Martin | |
| 700 | 1 | |a Kufelová, Iveta, 1970- | |
| 700 | 1 | |a Majtán, Štefan | |
| 700 | 1 | |a Mišík, Vladimír | |
| 710 | 2 | |a Ekonomická univerzita v Bratislave | |